| 000 | 00690nas a2200241 4500 | ||
|---|---|---|---|
| 001 | BR9204973 | ||
| 003 | BR-BrBNA | ||
| 005 | 20231205092812.0 | ||
| 007 | ta | ||
| 008 | 230509b bl.|||p| |||| 00| 00por d | ||
| 040 |
_aBR-BrBNA _bpor _cBiblioteca Nacional de Agricultura |
||
| 041 | _a(Pt) | ||
| 072 | _aL74 | ||
| 100 | 1 | _aJegorov, V. | |
| 245 | 1 | _aVeneno de samambaia e amais forte nas raizes | |
| 650 | _aSAMAMBAIA | ||
| 650 | _aPLANTA TOXICA | ||
| 650 | _aINTOXICACAO ANIMAL | ||
| 650 | _aPRATICO | ||
| 773 | 0 |
_tAgricultura e Pecuaria (Brazil) _xISSN 0100-249X _g(Jan-Fev 1967), v. 37(513) p. 58 _wBR9204973 |
|
| 909 |
_a202311 _bLúcia _c55 _dLúcia Elande |
||
| 942 |
_2AGRIS _n0 _cANA |
||
| 999 |
_c134299 _d134299 |
||